Vogel's qualitative inorganic analysis / (Record no. 6660)

MARC details
000 -LEADER
fixed length control field 00563nam a22002057a 4500
003 - CONTROL NUMBER IDENTIFIER
control field OSt
005 - DATE AND TIME OF LATEST TRANSACTION
control field 20200224105844.0
008 - FIXED-LENGTH DATA ELEMENTS--GENERAL INFORMATION
fixed length control field 200224b ||||| |||| 00| 0 eng d
020 ## - INTERNATIONAL STANDARD BOOK NUMBER
International Standard Book Number 0582218667
040 ## - CATALOGING SOURCE
Transcribing agency 040a
082 ## - DEWEY DECIMAL CLASSIFICATION NUMBER
Classification number 546
Item number SVE1996
245 ## - TITLE STATEMENT
Title Vogel's qualitative inorganic analysis /
Statement of responsibility, etc. G. Svehla
250 ## - EDITION STATEMENT
Edition statement 7th.ed.
260 ## - PUBLICATION, DISTRIBUTION, ETC. (IMPRINT)
Place of publication, distribution, etc. Harlow
Name of publisher, distributor, etc. Addison Wesley
Date of publication, distribution, etc. 1996
300 ## - PHYSICAL DESCRIPTION
Extent xi, 347p;
Other physical details ill:
Dimensions 22cm.
504 ## - BIBLIOGRAPHY, ETC. NOTE
Bibliography, etc Includes bibliographical references and index
650 ## - SUBJECT ADDED ENTRY--TOPICAL TERM
Source of heading or term Inorganic analysis
700 ## - ADDED ENTRY--PERSONAL NAME
Personal name Svehla, G.
9 (RLIN) 8283
942 ## - ADDED ENTRY ELEMENTS (KOHA)
Source of classification or shelving scheme Dewey Decimal Classification
Koha item type Open Shelf
Holdings
Withdrawn status Lost status Source of classification or shelving scheme Damaged status Not for loan Home library Current library Date acquired Source of acquisition Inventory number Total Checkouts Full call number Barcode Date last seen Date last checked out Price effective from Koha item type
    Dewey Decimal Classification     MUST Main Library MUST Main Library 24/02/2020 Purchase 2008/30718 1 546 SVE1996 2020-0556 15/08/2022 01/08/2022 24/02/2020 Open Shelf
    Dewey Decimal Classification     MUST Main Library MUST Main Library 08/09/2021 Purchase 2000/14552   546 SVE1996 2021-0933 08/09/2021   08/09/2021 Open Shelf